Manual de la prueba de precálculo
Guardat en:
| Autors principals: | , |
|---|---|
| Format: | Llibre |
| Idioma: | espanyol |
| Publicat: |
Santiago
Galdoc
1989
|
| Edició: | 3a. ed |
| Matèries: | |
| Etiquetes: |
Afegir etiqueta
Sense etiquetes, Sigues el primer a etiquetar aquest registre!
|
MARC
| LEADER | 00000nam a2200000 a 4500 | ||
|---|---|---|---|
| 001 | UCH8025 | ||
| 003 | CL-VaPUC | ||
| 008 | 091127e19890000CL |||||||||||||||||spa|d | ||
| 082 | 0 | 4 | |a 372.7 |b MIL |2 21 |
| 100 | |a Milicic Müller, Neva |e autora |9 591309 | ||
| 700 | 0 | |a Schmidt M., Sandra |e author |9 544410 | |
| 245 | 1 | 0 | |a Manual de la prueba de precálculo |
| 250 | |a 3a. ed | ||
| 300 | |a 136 p | ||
| 942 | |c BK | ||
| 945 | |d 20091127 00:00:00 |a lazolas | ||
| 260 | |a Santiago |b Galdoc |c 1989 | ||
| 650 | 0 | |a Matemáticas |x Enseñanza |9 875527 | |
| 583 | |a last modification |c 20160602 17:24:48 |k Rodrigo Vera | ||
| 999 | |c 338294 |d 338292 | ||